Statistics for Enemies in The Last of Us

Click here to take the quiz!

General Stats

  • This quiz has been taken 344 times
  • The average score is 5 of 9

Answer Stats

Human% Correct
Fireflies
82%
Cannibals
78%
Clickers
73%
Bloaters
70%
Runners
70%
Stalkers
61%
Hunters
54%
The Military
28%
Bandits
12%

Score Distribution

Percentile by Number Answered

Percent of People with Each Score

Your Score History

You have not taken this quiz